LIBRARY & INFORMATION CENTRE, KCAET, TAVANUR

ONLINE PUBLIC ACCESS CATALOGUE (OPAC)

Development of a tender coconut cutting machine (Record no. 14995)

MARC details
000 -LEADER
fixed length control field 00629nam a22001817a 4500
003 - CONTROL NUMBER IDENTIFIER
control field OSt
088 ## - REPORT NUMBER
Report number P 279
100 ## - MAIN ENTRY--AUTHOR NAME
Personal name BHAVYA FRANCIS
-- MEENU P. B
-- SINSHA P. V
245 ## - TITLE STATEMENT
Title Development of a tender coconut cutting machine
260 ## - PUBLICATION, DISTRIBUTION, ETC. (IMPRINT)
Place of publication Tavanur 2014
Name of publisher Department of Food and Agricultural Process Engineering
300 ## - PHYSICAL DESCRIPTION
Number of Pages 40
500 ## - GENERAL NOTE
General note Development of a tender coconut cutting machine
520 ## - SUMMARY, ETC.
Summary, etc Development of a tender coconut cutting machine
700 ## - ADDED ENTRY--PERSONAL NAME
Personal name Er. George Mathew (Guide)
856 ## - ELECTRONIC LOCATION AND ACCESS
Uniform Resource Identifier https://drive.google.com/open?id=1vakNmMk0bi0HAvI-_ksNgG-F_amfajoe
942 ## - ADDED ENTRY ELEMENTS (KOHA)
Koha item type Project Report
Holdings
Collection code Home library Current library Shelving location Full call number Accession Number Koha item type
Reference KAUAET KAUAET Reference 664 BHA/DE P 279 Project Report
free website counter